00733nam a2200253 a 4500001001300000003000900013005001700022008004100039020001000080082001700090100002500107245004200132260003500174300000900209500003500218505001000253650002400263650002000287700002500307902000800332942000700340952011700347999001500464nice12345678IN_TiNIC20260116011814.0050524s1888 agra grp 000 0 urd  ac10000a297.23bAHM1 aAhmed, Syed Zulfiqar aTaiul Farasikh Ila Manazilil Barazikh aAgrabMufeed-E-Aam Pressc1888 a596p aincludes index and biblioraphy2 aIndex aEschatology-Islamic aIslam-Doctrines1 aAhmed, Syed Zulfiqar bRBA cBK 001040708RareBook->aHMIbHMId2007-07-13g100.00l0o297.23 AHM1p08988r2007-07-13v100.00w2005-05-24yBK c4100d4100